MARC details
| 000 -LEADER |
| fixed length control field |
03824cam a2200301 a 4500 |
| 001 - CONTROL NUMBER |
| control field |
587249057 |
| 003 - CONTROL NUMBER IDENTIFIER |
| control field |
OSt |
| 005 - DATE AND TIME OF LATEST TRANSACTION |
| control field |
20140520110357.0 |
| 008 - FIXED-LENGTH DATA ELEMENTS--GENERAL INFORMATION |
| fixed length control field |
100527s2011 njua b 001 0 eng |
| 010 ## - LIBRARY OF CONGRESS CONTROL NUMBER |
| LC control number |
2010022368 |
| 020 ## - INTERNATIONAL STANDARD BOOK NUMBER |
| International Standard Book Number |
9780691145723 |
| 020 ## - INTERNATIONAL STANDARD BOOK NUMBER |
| International Standard Book Number |
0691145725 |
| 020 ## - INTERNATIONAL STANDARD BOOK NUMBER |
| International Standard Book Number |
9780691156316 |
| 020 ## - INTERNATIONAL STANDARD BOOK NUMBER |
| International Standard Book Number |
069115631X |
| 042 ## - AUTHENTICATION CODE |
| Authentication code |
pcc |
| 100 1# - MAIN ENTRY--PERSONAL NAME |
| Personal name |
Goldin, Ian, |
| Dates associated with a name |
1955- |
| 245 10 - TITLE STATEMENT |
| Title |
Exceptional people : |
| Remainder of title |
how migration shaped our world and will define our future / |
| Statement of responsibility, etc |
Ian Goldin, Geoffrey Cameron, and Meera Balarajan. |
| 260 ## - PUBLICATION, DISTRIBUTION, ETC. (IMPRINT) |
| Place of publication, distribution, etc |
Princeton : |
| Name of publisher, distributor, etc |
Princeton University Press, |
| Date of publication, distribution, etc |
c2011. |
| 300 ## - PHYSICAL DESCRIPTION |
| Extent |
xv, 371 p. : |
| Other physical details |
ill., maps ; |
| Dimensions |
24 cm. |
| 504 ## - BIBLIOGRAPHY, ETC. NOTE |
| Bibliography, etc |
Includes bibliographical references (p. [287]-357) and index. |
| 505 0# - FORMATTED CONTENTS NOTE |
| Formatted contents note |
Pt. I. Past : Migration from prehistory to Columbus: Early migration, Connecting humanity, Migration and humanity ; Global migrations: toward a world economy: The age of exploration, Imperialism and coercion, Unfree migrations: slavery and indentured labor ,Global "free" migrations (ca. 1840-1914) , Builders of the modern world ; "Managed" migration in the twentieth century (1914-1973): The end of the liberal period, The interwar period: economic decline and regulated migration, Post-WWII migrations, Finding reasons to regulate -- Pt. II. Present : Leaving home: migration decisions and processes: Micro-level: individuals and families, meso-level: networks and systems, Macro-level: demographic, political, and economic conditions, Individual, society, and national influences ; Immigration and border control: Channels and flows of migration, Economic migration, Social migration, Refugee migration, Border control, Beyond border controls ; The impacts of migration: Impacts on receiving countries, Impacts on sending countries, Impacts on migrants, Impacts on societies and migrants -- Pt. III. Future : The future of migration: The backdrop of globalization, Supply of migrants, Demands for migrants ; A global migration agenda: Thought experiment,; A long-term vision of freer movement, Principles for global migration, The need for global leadership. |
| 520 ## - SUMMARY, ETC. |
| Summary, etc |
"Throughout history, migrants have fueled the engine of human progress. Their movement has sparked innovation, spread ideas, relieved poverty, and laid the foundations for a global economy. In a world more interconnected than ever before, the number of people with the means and motivation to migrate will only increase. Exceptional People looks at the profound advantages that such dynamics will have for countries and migrants the world over. Challenging the received wisdom that a dramatic growth in migration is undesirable, the book proposes new approaches for governance that will embrace this international mobility. The authors explore the critical role of human migration since humans first departed Africa some fifty thousand years ago -- how the circulation of ideas and technologies has benefited communities and how the movement of people across oceans and continents has fueled economies. They show that migrants in today's world connect markets, fill labor gaps, and enrich social diversity. Migration also allows individuals to escape destitution, human rights abuses, and repressive regimes. However, the authors indicate that most current migration policies are based on misconceptions and fears about migration's long-term contributions and social dynamics. Future policies, for good or ill, will dramatically determine whether societies can effectively reap migration's opportunities while managing the risks of the twenty-first century. A guide to vigorous debate."--Book Jacket. |
| 650 #0 - SUBJECT ADDED ENTRY--TOPICAL TERM |
| Topical term or geographic name as entry element |
Emigration and immigration. |
| 700 1# - ADDED ENTRY--PERSONAL NAME |
| Personal name |
Cameron, Geoffrey. |
| 700 1# - ADDED ENTRY--PERSONAL NAME |
| Personal name |
Balarajan, Meera. |
| 740 02 - ADDED ENTRY--UNCONTROLLED RELATED/ANALYTICAL TITLE |
| Uncontrolled related/analytical title |
How migration shaped our world and will define our future. |
| 942 ## - ADDED ENTRY ELEMENTS (KOHA) |
| Source of classification or shelving scheme |
Library of Congress Classification |
| Item type |
Books |